000 00545nam a2200193 i 4500
001 149478
003 ES-MaACL
005 20251005063117.0
007 t|
008 071022s1952 sp ||||1| spa d
100 1 _aVázquez, Pura,
_d1918-2006
_9113384
245 1 0 _aTiempo mío
_b: (poesía) /
_cPura Vázquez.
260 _aMadrid :
_b[s.n.,
_c1952] (
_fImp. Radio)
300 _a83 p. ;
_c17 cm.
490 1 _aPalma ;
_v4
830 0 _aPalma ;
_v4
_9187563
852 _aES-MaACL
_j1947-F-6
_bR.33011
999 _c149478
_d149478